М.В. Ломоносов в воспоминаниях и характеристиках современников (Запись № 9268732)

Подробности
000 -МАРКЕР
контрольное поле 01521nam0a22002891 4500
001 - ИДЕНТИФИКАТОР ЗАПИСИ
контрольное поле rc\4755142
005 - ИДЕНТИФИКАТОР ВЕРСИИ
контрольное поле 20260607080759.0
021 ## - НОМЕР ГОСУДАРСТВЕННОЙ РЕГИСТРАЦИИ
Код страны Российская Федерация
Номер [62-45599]
035 ## - ДРУГИЕ СИСТЕМНЫЕ НОМЕРА
Идентификатор записи (NLR Aleph) 008994660
100 ## - ДАННЫЕ ОБЩЕЙ ОБРАБОТКИ
Данные общей обработки 20130417d1962 |||y0rusy50 ca
101 0# - ЯЗЫК РЕСУРСА
Язык текста, звукозаписи и т.д. русский
102 ## - СТРАНА ПУБЛИКАЦИИ ИЛИ ПРОИЗВОДСТВА
Страна публикации Российская Федерация
105 ## - ПОЛЕ КОДИРОВАННЫХ ДАННЫХ: ТЕКСТОВЫЕ МАТЕРИАЛЫ, МОНОГРАФИЧЕСКИЕ
Кодированные данные о монографическом текстовом документе ac z |||||
200 1# - ЗАГЛАВИЕ И СВЕДЕНИЯ ОБ ОТВЕТСТВЕННОСТИ
Основное заглавие М.В. Ломоносов в воспоминаниях и характеристиках современников
Сведения, относящиеся к заглавию [Сборник]
Первые сведения об ответственности Сост. Г.Е. Павлова
Последующие сведения об ответственности Акад. наук СССР. Ин-т истории естествознания и техники
210 ## - ПУБЛИКАЦИЯ, РАСПРОСТРАНЕНИЕ И ДР.
Место издания, распространения и т.д. Москва
-- Ленинград
Имя издателя, распространителя и т. д. Изд-во Акад. наук СССР. [Ленингр. отд-ние]
Дата издания, распространения и т.д. 1962
215 ## - ФИЗИЧЕСКАЯ ХАРАКТЕРИСТИКА
Специфическое обозначение материала и объем 232 с., 1 л. портр.
Другие сведения о физической характеристике ил.
Размеры 22
320 ## - ПРИМЕЧАНИЯ О НАЛИЧИИ В ДОКУМЕНТЕ БИБЛИОГРАФИИ / УКАЗАТЕЛЯ
Текст примечания Труды Ломоносова в отзывах зарубежной периодич. печати: с. 151-222
702 #1 - ИМЯ ЛИЦА - ВТОРИЧНАЯ ОТВЕТСТВЕННОСТЬ
Код отношения Составитель
Графика поля Кириллица
Материалы, к которым относится поле rus
Начальный элемент ввода Павлова
Часть имени, кроме начального элемента ввода Г. Е.
Дополнения к именам, кроме дат канд. ист. наук
Даты 1925-2000
Расширение инициалов личного имени Галина Евгеньевна
Идентификатор авторитетной/нормативной записи RU\NLR\AUTH\770274120
Системный номер авторитетной/нормативной записи 2711505
702 #1 - ИМЯ ЛИЦА - ВТОРИЧНАЯ ОТВЕТСТВЕННОСТЬ
Код отношения Автор
Графика поля Кириллица
Материалы, к которым относится поле rus
Начальный элемент ввода Ломоносов
Часть имени, кроме начального элемента ввода М. В.
Даты 1711-1765
Расширение инициалов личного имени Михаил Васильевич
Системный номер авторитетной/нормативной записи 112866
Идентификатор авторитетной/нормативной записи RU\NLR\auth\772859
712 02 - НАИМЕНОВАНИЕ ОРГАНИЗАЦИИ - ВТОРИЧНАЯ ОТВЕТСТВЕННОСТЬ
Начальный элемент ввода Институт истории естествознания и техники им. С. И. Вавилова
Идентифицирующий признак Москва
Системный номер авторитетной/нормативной записи 284344
Идентификатор авторитетной/нормативной записи RU\NLR\AUTH\886273
801 #0 - ИСТОЧНИК ЗАПИСИ
Страна Российская Федерация
Организация NLR
Правила каталогизации psbo
801 #1 - ИСТОЧНИК ЗАПИСИ
Страна Российская Федерация
Организация ELAR
Источник данных rusmarc
852 ## - МЕСТОНАХОЖДЕНИЕ И ШИФР ХРАНЕНИЯ
Идентификатор организации NLR
Шифр хранения (Call Number) 62-5/3217
942 ## - ДОПОЛНИТЕЛЬНЫЕ ЭЛЕМЕНТЫ ЗАПИСИ (АБИС)
Тип экземпляра АБИС Книга
980 ## - КОЛЛЕКЦИЯ
Название коллекции Национальная библиография
Экземпляры
Тип экземпляра Дата поступления Библиотека постоянного хранения Библиотека текущего хранения Место хранения Шифр хранения Штрих-код Статус экземпляра
Книга 26.10.2013 РНБ (Московский) РНБ (Московский) Русский книжный фонд: издания с 1957 года 62-5/3217 1-209883